Royal Rumble Final 4s - Statistics

General Stats
  • This quiz has been taken 76 times
  • The average score is 129 of 164
Answer Stats
Hint Answer % Correct
Royal Rumble 1997 Fake Diesel
96%
Royal Rumble 2000 | Royal Rumble 2001 | Royal Rumble 2003 | +2 others Kane
96%
Royal Rumble 1994 | Royal Rumble 1995 | Royal Rumble 1996 | +2 others Shawn Michaels
96%
Royal Rumble 2003 | Royal Rumble 2022 (Men's) Brock Lesnar
94%
Royal Rumble 2005 | Royal Rumble 2008 | Royal Rumble 2010 | +2 others John Cena
94%
Royal Rumble 1992 Ric Flair
94%
Royal Rumble 2014 | Royal Rumble 2015 | Royal Rumble 2016 | +3 others Roman Reigns
94%
Royal Rumble 2019 (Men's) | Royal Rumble 2021 (Men's) Seth Rollins
94%
Royal Rumble 1997 | Royal Rumble 1998 | Royal Rumble 1999 | +2 others Steve Austin
94%
Royal Rumble 2002 | Royal Rumble 2006 | Royal Rumble 2008 | +2 others Triple H
94%
Royal Rumble 2019 (Women's) | Royal Rumble 2020 (Women's) | Royal Rumble 2021 (Women's) | Royal Rumble 2022 (Women's) Charlotte Flair
92%
Royal Rumble 2004 Chris Benoit
92%
Royal Rumble 1990 | Royal Rumble 1991 | Royal Rumble 1992 Hulk Hogan
92%
Royal Rumble 2006 | Royal Rumble 2007 | Royal Rumble 2009 | +5 others Randy Orton
92%
Royal Rumble 1998 | Royal Rumble 2000 | Royal Rumble 2001 The Rock
92%
Royal Rumble 1997 | Royal Rumble 2003 | Royal Rumble 2007 The Undertaker
92%
Royal Rumble 2011 Alberto Del Rio
90%
Royal Rumble 1994 | Royal Rumble 1997 Bret Hart
90%
Royal Rumble 2016 Dean Ambrose
90%
Royal Rumble 2005 | Royal Rumble 2007 | Royal Rumble 2010 | +2 others Edge
90%
Royal Rumble 2002 | Royal Rumble 2004 Kurt Angle
88%
Royal Rumble 1992 | Royal Rumble 1993 Randy Savage
88%
Royal Rumble 1989 | Royal Rumble 2009 Ted DiBiase
88%
Royal Rumble 2000 | Royal Rumble 2004 | Royal Rumble 2012 | Royal Rumble 2015 The Big Show
88%
Royal Rumble 2003 | Royal Rumble 2005 | Royal Rumble 2008 | +2 others Batista
86%
Royal Rumble 2009 Cody Rhodes
86%
Royal Rumble 1999 Mr. McMahon
86%
Royal Rumble 2005 | Royal Rumble 2006 Rey Mysterio
86%
Royal Rumble 2012 | Royal Rumble 2013 | Royal Rumble 2014 | Royal Rumble 2016 Sheamus
86%
Royal Rumble 1993 Yokozuna
86%
Royal Rumble 2018 (Women's) Asuka
84%
Royal Rumble 2004 | Royal Rumble 2012 | Royal Rumble 2017 Chris Jericho
84%
Royal Rumble 1996 Diesel
84%
Royal Rumble 2020 (Men's) | Royal Rumble 2022 (Men's) Drew McIntyre
84%
Royal Rumble 1988 Jim Duggan
84%
Royal Rumble 2019 (Women's) Becky Lynch
82%
Greatest Royal Rumble | Royal Rumble 2019 (Men's) Braun Strowman
82%
Royal Rumble 2022 (Men's) Shane McMahon
82%
Royal Rumble 2018 (Women's) Brie Bella
80%
Royal Rumble 2018 (Women's) Nikki Bella
80%
Royal Rumble 2022 (Women's) Ronda Rousey
80%
Royal Rumble 2011 Santino Marella
80%
Royal Rumble 2018 (Men's) Shinsuke Nakamura
80%
Royal Rumble 2021 (Women's) | Royal Rumble 2022 (Women's) Bianca Belair
78%
Royal Rumble 1989 Big John Studd
78%
Royal Rumble 2017 Bray Wyatt
76%
Greatest Royal Rumble Daniel Bryan
76%
Royal Rumble 1994 | Royal Rumble 1995 Lex Luger
76%
Royal Rumble 2018 (Women's) Sasha Banks
76%
Royal Rumble 2014 CM Punk
75%
Royal Rumble 2021 (Women's) Rhea Ripley
75%
Royal Rumble 1991 | Royal Rumble 1995 | Royal Rumble 1996 The British Bulldog
75%
Royal Rumble 2021 (Men's) Christian
73%
Royal Rumble 2013 | Royal Rumble 2019 (Men's) Dolph Ziggler
73%
Royal Rumble 2019 (Women's) Nia Jax
73%
Royal Rumble 2015 Rusev
73%
Royal Rumble 2013 Ryback
73%
Royal Rumble 2018 (Men's) Finn Balor
69%
Royal Rumble 2019 (Women's) Bayley
65%
Royal Rumble 1992 Sid Justice
65%
Royal Rumble 1998 Dude Love
63%
Royal Rumble 1990 | Royal Rumble 2002 Mr. Perfect
63%
Royal Rumble 2006 Rob Van Dam
61%
Royal Rumble 2011 Wade Barrett
59%
Royal Rumble 2000 X-Pac
59%
Royal Rumble 2020 (Women's) | Royal Rumble 2021 (Women's) Natalya
57%
Royal Rumble 2020 (Women's) | Royal Rumble 2022 (Women's) Shayna Baszler
57%
Royal Rumble 1994 Fatu
55%
Royal Rumble 1989 Akeem
49%
Royal Rumble 1999 Big Bossman
49%
Royal Rumble 2001 Billy Gunn
49%
Royal Rumble 1991 Earthquake
49%
Royal Rumble 1988 One Man Gang
49%
Royal Rumble 2022 (Men's) Riddle
49%
Royal Rumble 2019 (Men's) Andrade
45%
Greatest Royal Rumble Big Cass
43%
Royal Rumble 1990 Rick Rude
43%
Royal Rumble 1998 Faarooq
41%
Greatest Royal Rumble Kevin Owens
41%
Royal Rumble 1993 Bob Backlund
39%
Royal Rumble 2020 (Women's) Beth Phoenix
37%
Royal Rumble 1989 | Royal Rumble 1993 Rick Martel
35%
Royal Rumble 1995 Crush
31%
Royal Rumble 1996 Kama
31%
Royal Rumble 1999 D'Lo Brown
27%
Royal Rumble 1988 Dino Bravo
24%
Royal Rumble 1988 Don Muraco
22%
Royal Rumble 1990 Hercules
22%
Royal Rumble 1991 Brian Knobbs
20%
No matching quizzes found
Score Distribution
Percent of People with Each Score
Percentile by Number Answered
Your Score History
You have not taken this quiz